LEADER 02877 am 2200769 n 450 001 9910591045603321 005 20210729 010 $a2-7351-2919-5 024 7 $a10.4000/books.editionsmsh.48978 035 $a(CKB)4100000012893011 035 $a(FrMaCLE)OB-editionsmsh-48978 035 $a(oapen)https://directory.doabooks.org/handle/20.500.12854/95037 035 $a(PPN)267827210 035 $a(EXLCZ)994100000012893011 100 $a20220909j|||||||| ||| 0 101 0 $afre 135 $auu||||||m|||| 181 $ctxt$2rdacontent 182 $cc$2rdamedia 183 $acr$2rdacarrier 200 14$aLes Reines de Perse aux pieds d?Alexandre de Charles Le Brun $eTableau-manifeste de l?art français du XVIIe siècle /$fThomas Kirchner 210 $aParis $cÉditions de la Maison des sciences de l?homme$d2021 215 $a1 online resource (144 p.) 225 1 $aPasserelles 311 $a2-7351-1617-4 330 $aLa famille de Darius, tableau peint en 1660-1661, marque le début de la carrière de Charles Le Brun comme peintre du roi, elle marque également le début du gouvernement personnel de Louis XIV. Cette ?uvre ouvre une nouvelle époque de la peinture en France, elle montre l'importance du dialogue avec la théorie de l'art moderne d?origine italienne, et incarne également une politique royale qui poursuit l?idée d?intégrer l?art moderne à ses stratégies. Pour mieux en saisir la signification complexe, cette étude analyse l??uvre sous divers angles, elle s?attache au point de vue de la théorie politique, comme à celui de l?historiographie ou encore à l?histoire de la psychologie. 606 $aArt 606 $aXVIIe siècle 606 $atableau 606 $aroi de France 606 $apsychologie 606 $apolitique culturelle 606 $apeinture 606 $athéorie de l'art 606 $aart 606 $aAncien Régime 606 $aFrance 606 $ahistoire de l'art 610 $aXVIIe siècle 610 $atableau 610 $aroi de France 610 $apsychologie 610 $apolitique culturelle 610 $apeinture 610 $athéorie de l'art 610 $aart 610 $aAncien Régime 610 $aFrance 610 $ahistoire de l'art 615 4$aArt 615 4$aXVIIe siècle 615 4$atableau 615 4$aroi de France 615 4$apsychologie 615 4$apolitique culturelle 615 4$apeinture 615 4$athéorie de l'art 615 4$aart 615 4$aAncien Régime 615 4$aFrance 615 4$ahistoire de l'art 700 $aKirchner$b Thomas$01230788 801 0$bFR-FrMaCLE 906 $aBOOK 912 $a9910591045603321 996 $aLes Reines de Perse aux pieds d?Alexandre de Charles Le Brun$93034540 997 $aUNINA LEADER 01240nam0 22002651i 450 001 UON00180430 005 20231205103129.615 010 $a88-15-01505-1 100 $a20030730d1987 |0itac50 ba 101 $aita 102 $aIT 105 $a|||| 1|||| 200 1 $aˆUn "‰sindacato" di giudici da Giolitti a Mussolini$el'Associazione Generale fra i Magistrati Italiani, 1909-1926$fFernando Venturini 210 $aBologna$cIl Mulino$d1987 - 312 p. ; 21 cm. 316 $aprestito smarrito RUSSO Ros.$5IT-UONSI III STORIAEUR/SMARRITO 410 1$1001UON00171366$12001 $aStoria Contemporanea$1210 $aBologna$cIl Mulino 606 $aASSOCIAZIONE GENERALE MAGISTRATI ITALIANI$3UONC036960$2FI 606 $aItalia$xMagistratura$xStoria$xSec. 19-20.$3UONC036961$2FI 700 1$aVENTURINI$bFernando$3UONV103455$0158009 801 $aIT$bSOL$c20250808$gRICA 899 $aSIBA - SISTEMA BIBLIOTECARIO DI ATENEO$2UONSI 912 $aUON00180430 950 $aSIBA - SISTEMA BIBLIOTECARIO DI ATENEO$dSI EUR SMARRITO $eSI SC 18462 6 SMARRITO prestito smarrito RUSSO Ros.$sSmarrito 996 $a"sindacato" di giudici da Giolitti a Mussolini$9479722 997 $aUNIOR